[Event "Gatineau TORO"]
[Site "Gatineau CAN"]
[Date "2013.06.09"]
[Round "5"]
[White "Kalra, Agastya"]
[Black "Desjardins, Michel"]
[Result "1-0"]
[WhiteElo "2084"]
[BlackElo "1869"]
[PlyCount "107"]
[GameId "2160767909347611"]
[EventDate "2013.06.07"]
[EventType "swiss"]
[EventRounds "5"]
[EventCountry "CAN"]
[SourceTitle "EXT 2022"]
[Source "ChessBase"]
[SourceDate "2021.10.06"]
[SourceVersion "1"]
[SourceVersionDate "2021.10.06"]
[SourceQuality "1"]

1. e4 d5 2. exd5 Qxd5 3. Nc3 Qd6 4. d4 Nf6 5. Bc4 a6 6. Nge2 b5 7. Bb3 Bb7 8. f3 e6 9. Bf4 Qb6 10. a4 c5 11. axb5 axb5 12. Rxa8 Bxa8 13. Qa1 Bc6 14. Be5 Nbd7 15. O-O cxd4 16. Bxd4 Bc5 17. Bxc5 Nxc5 18. Kh1 Nxb3 19. cxb3 O-O 20. b4 Ra8 21. Qb1 h6 22. Nf4 Qd4 23. Nd3 Nd5 24. Nxd5 Bxd5 25. Rc1 Bc4 26. Nc5 Ba2 27. Qe4 Qxe4 28. Nxe4 Rd8 29. Kg1 Bc4 30. Nc3 Kf8 31. b3 Bxb3 32. Nxb5 Rd1+ 33. Rxd1 Bxd1 34. Kf2 Ke7 35. Ke3 Kd7 36. Kd4 Kc6 37. Nc3 Bb3 38. f4 f6 39. h4 h5 40. g3 Kb6 41. Ne4 Bd5 42. Nd6 Bc6 43. Kc4 Bd5+ 44. Kc3 Bc6 45. Kd4 Bb5 46. Nxb5 Kxb5 47. Kc3 g6 48. Kb3 e5 49. fxe5 fxe5 50. Kc3 e4 51. Kd4 Kxb4 52. Kxe4 Kc4 53. Kf4 Kd4 54. Kg5 1-0

[Event "Gatineau TORO"]
[Site "Gatineau CAN"]
[Date "2013.06.09"]
[Round "5"]
[White "Larochelle, Martial"]
[Black "De Kerpel, Stijn"]
[Result "1-0"]
[WhiteElo "2186"]
[BlackElo "2048"]
[PlyCount "117"]
[GameId "2160767909347612"]
[EventDate "2013.06.07"]
[EventType "swiss"]
[EventRounds "5"]
[EventCountry "CAN"]
[SourceTitle "EXT 2022"]
[Source "ChessBase"]
[SourceDate "2021.10.06"]
[SourceVersion "1"]
[SourceVersionDate "2021.10.06"]
[SourceQuality "1"]

1. d4 g6 2. e4 Bg7 3. c4 d6 4. Nc3 e5 5. Nge2 Nc6 6. Be3 Nge7 7. d5 Nb8 8. Qd2 O-O 9. O-O-O f5 10. f3 Nd7 11. Kb1 Nf6 12. h3 a6 13. g4 fxe4 14. fxe4 b5 15. cxb5 axb5 16. Ng3 b4 17. Nb5 Bd7 18. Qxb4 Qb8 19. Qc4 Rc8 20. Rc1 Ne8 21. Bd3 Kh8 22. Nc3 c6 23. dxc6 Bxc6 24. Qe6 Qb7 25. Rh2 d5 26. Bc5 dxe4 27. Bc4 Nf6 28. Bxe7 Re8 29. Bxf6 Rxe6 30. Bxg7+ Kxg7 31. Bxe6 Rf8 32. Re2 Qa6 33. Rd2 e3 34. Rd6 Qa8 35. Bd5 Bxd5 36. Nxd5 Qa5 37. Nxe3 Rf3 38. Ngf1 Qb5 39. a3 Rxh3 40. Rd5 Qb8 41. g5 Rf3 42. Ng4 Rf7 43. Nxe5 Rb7 44. Nc4 Qf4 45. Nfe3 Re7 46. Rcd1 h6 47. gxh6+ Kxh6 48. Rh1+ Kg7 49. Rg1 Kh7 50. Rdg5 Re6 51. Ka1 Qe4 52. R5g4 Qc6 53. Rh4+ Kg8 54. Rg5 Kg7 55. Rhg4 Kh7 56. Nd5 Qd7 57. Ka2 Qb7 58. Nf4 Re4 59. Rh4+ 1-0

[Event "Gatineau TORO"]
[Site "Gatineau CAN"]
[Date "2013.06.09"]
[Round "5"]
[White "Martin, Spencer"]
[Black "Donev, Danail"]
[Result "1/2-1/2"]
[WhiteElo "1955"]
[BlackElo "2070"]
[PlyCount "72"]
[GameId "2160767909347613"]
[EventDate "2013.06.07"]
[EventType "swiss"]
[EventRounds "5"]
[EventCountry "CAN"]
[SourceTitle "EXT 2022"]
[Source "ChessBase"]
[SourceDate "2021.10.06"]
[SourceVersion "1"]
[SourceVersionDate "2021.10.06"]
[SourceQuality "1"]

1. Nc3 c5 2. e4 e6 3. Nf3 d6 4. g3 Nc6 5. Bg2 g6 6. O-O Bg7 7. d3 Nge7 8. Ne2 O-O 9. c3 e5 10. d4 Bg4 11. Be3 b6 12. h3 Bc8 13. dxe5 dxe5 14. Qc2 Qc7 15. Rad1 Ba6 16. Rd2 Rad8 17. Rfd1 Rxd2 18. Rxd2 Rd8 19. Bf1 Qc8 20. Qd1 Kf8 21. Rxd8+ Qxd8 22. Qxd8+ Nxd8 23. Nc1 Bb7 24. Nd2 Nc8 25. f3 Nd6 26. Nc4 Ke7 27. Nxd6 Kxd6 28. Kf2 Nc6 29. Bc4 Nd8 30. Nb3 Ne6 31. Bxe6 fxe6 32. c4 Ba6 33. Nd2 Kc6 34. Ke2 Bc8 35. Kd3 a6 36. a4 a5 1/2-1/2

[Event "Gatineau TORO"]
[Site "Gatineau CAN"]
[Date "2013.06.09"]
[Round "5"]
[White "Masse, Hugues"]
[Black "Laptos, Krzysztof"]
[Result "0-1"]
[WhiteElo "2153"]
[BlackElo "2271"]
[PlyCount "126"]
[GameId "2160767909347614"]
[EventDate "2013.06.07"]
[EventType "swiss"]
[EventRounds "5"]
[EventCountry "CAN"]
[SourceTitle "EXT 2022"]
[Source "ChessBase"]
[SourceDate "2021.10.06"]
[SourceVersion "1"]
[SourceVersionDate "2021.10.06"]
[SourceQuality "1"]

1. d4 d6 2. Nf3 Bg4 3. c4 Nd7 4. e4 Bxf3 5. Qxf3 e5 6. Be3 g6 7. Nc3 Bg7 8. Qd1 Ne7 9. Be2 Nc6 10. d5 Ne7 11. h4 h5 12. Qd2 f5 13. f3 a5 14. b3 Nc5 15. Rb1 Ng8 16. a3 Bf6 17. Bf2 a4 18. b4 Nb3 19. Qd3 Nd4 20. Bd1 Qd7 21. Ne2 Nxe2 22. Bxe2 Nh6 23. Rc1 O-O 24. Qd2 Bg7 25. Be3 Kh7 26. Qd1 fxe4 27. fxe4 Qe7 28. Bf3 Rf7 29. g3 Rxf3 30. Qxf3 Rf8 31. Qe2 Ng4 32. Rc3 c6 33. Rf1 Rc8 34. Bg5 Qe8 35. Kd2 Rc7 36. Rff3 Qc8 37. Kc2 Qa8 38. Kb1 Qa6 39. Rc2 Qa7 40. Be3 Qb8 41. Bg5 Qa7 42. Be3 Qb8 43. Qf1 cxd5 44. cxd5 Rxc2 45. Kxc2 Qc8+ 46. Kd2 Nh2 47. Qe2 Nxf3+ 48. Qxf3 Qc4 49. Bg5 Kg8 50. Ke3 Qa2 51. Qd1 Qxa3+ 52. Ke2 Qxb4 53. Qc2 Qb5+ 54. Kd2 Qd7 55. Qc3 Kh7 56. Qe3 b5 57. Kc2 b4 58. Kb2 Qh3 59. Qf2 Qh1 60. Bf6 a3+ 61. Kb3 Qb1+ 62. Kc4 Qxe4+ 63. Kb3 Qxd5+ 0-1

[Event "Gatineau TORO"]
[Site "Gatineau CAN"]
[Date "2013.06.09"]
[Round "5"]
[White "Upper, John"]
[Black "Zhou, Qiyu"]
[Result "1-0"]
[WhiteElo "2167"]
[BlackElo "2008"]
[PlyCount "101"]
[GameId "2160767909347616"]
[EventDate "2013.06.07"]
[EventType "swiss"]
[EventRounds "5"]
[EventCountry "CAN"]
[SourceTitle "EXT 2022"]
[Source "ChessBase"]
[SourceDate "2021.10.06"]
[SourceVersion "1"]
[SourceVersionDate "2021.10.06"]
[SourceQuality "1"]

1. d4 Nf6 2. c4 e6 3. Nf3 b6 4. g3 Ba6 5. Nbd2 Be7 6. Bg2 c6 7. O-O d5 8. b3 Nbd7 9. Bb2 O-O 10. Re1 Rc8 11. Rc1 Bd6 12. e4 dxe4 13. Ng5 Bb7 14. Ndxe4 Be7 15. Nxe6 fxe6 16. Bh3 Nxe4 17. Bxe6+ Kh8 18. Rxe4 Qc7 19. Qe2 Rcd8 20. Re1 Bb4 21. Rh4 Nf6 22. Rd1 Bc8 23. d5 Bxe6 24. dxe6 Rxd1+ 25. Qxd1 Qd6 26. Qc2 Qd2 27. Qxd2 Bxd2 28. e7 Re8 29. Bxf6 gxf6 30. Rd4 Rxe7 31. Rxd2 Kg7 32. Kg2 Kf7 33. Kf3 c5 34. Kf4 Kg6 35. g4 h6 36. h4 Kg7 37. f3 Kg6 38. Rd6 Kg7 39. Kf5 Re5+ 40. Kf4 Re7 41. Rd5 Rf7 42. Kf5 Re7 43. f4 Kf8 44. Kxf6 Rf7+ 45. Kg6 Rg7+ 46. Kh5 Rf7 47. f5 Kg7 48. Rd6 Kh7 49. Rxh6+ Kg7 50. Kg5 Rd7 51. f6+ 1-0

[Event "Gatineau TORO U1500"]
[Site "Gatineau CAN"]
[Date "2013.06.07"]
[Round "1"]
[White "Bergeron, Jean-Guy"]
[Black "Traversy, Pierre"]
[Result "1-0"]
[WhiteElo "1428"]
[BlackElo "1184"]
[PlyCount "65"]
[GameId "2160767909347618"]
[EventDate "2013.06.07"]
[EventType "swiss"]
[EventRounds "5"]
[EventCountry "CAN"]
[SourceTitle "EXT 2022"]
[Source "ChessBase"]
[SourceDate "2021.10.06"]
[SourceVersion "1"]
[SourceVersionDate "2021.10.06"]
[SourceQuality "1"]

1. c4 e5 2. g3 Nf6 3. Bg2 Nc6 4. Nf3 h6 5. O-O d6 6. Nc3 b6 7. Nxe5 Nxe5 8. Bxa8 c6 9. Qa4 Qc7 10. Nd5 Nxd5 11. cxd5 b5 12. Qe4 Be7 13. Bxc6+ Nxc6 14. dxc6 Bh3 15. Re1 O-O 16. d4 d5 17. Qxd5 Bd6 18. Qh5 Be6 19. d5 Bc8 20. a3 Re8 21. e4 Re5 22. Qf3 f5 23. Bf4 fxe4 24. Rxe4 Qf7 25. Rxe5 Bxe5 26. Rd1 g5 27. d6 Bxd6 28. Rxd6 gxf4 29. Rd8+ Kg7 30. Rxc8 h5 31. Qxf4 Qd5 32. Rc7+ Kg6 33. Qf7+ 1-0

[Event "Gatineau TORO U1500"]
[Site "Gatineau CAN"]
[Date "2013.06.07"]
[Round "1"]
[White "Cusson, Michel"]
[Black "Amirshadova, Victoria"]
[Result "1-0"]
[WhiteElo "1399"]
[BlackElo "1038"]
[PlyCount "25"]
[GameId "2160767909347620"]
[EventDate "2013.06.07"]
[EventType "swiss"]
[EventRounds "5"]
[EventCountry "CAN"]
[SourceTitle "EXT 2022"]
[Source "ChessBase"]
[SourceDate "2021.10.06"]
[SourceVersion "1"]
[SourceVersionDate "2021.10.06"]
[SourceQuality "1"]

1. e4 e6 2. d4 d5 3. Nc3 Nc6 4. Nf3 f6 5. Be2 b6 6. O-O Bb7 7. Re1 Qd7 8. exd5 Nd8 9. dxe6 Nxe6 10. d5 Qe7 11. Bb5+ c6 12. Rxe6 O-O-O 13. Rxe7 1-0

[Event "Gatineau TORO U1500"]
[Site "Gatineau CAN"]
[Date "2013.06.07"]
[Round "1"]
[White "Gunn, Richard"]
[Black "Bernatchez, Lucas"]
[Result "1-0"]
[WhiteElo "1098"]
[BlackElo "1401"]
[PlyCount "103"]
[GameId "2160767909347622"]
[EventDate "2013.06.07"]
[EventType "swiss"]
[EventRounds "5"]
[EventCountry "CAN"]
[SourceTitle "EXT 2022"]
[Source "ChessBase"]
[SourceDate "2021.10.06"]
[SourceVersion "1"]
[SourceVersionDate "2021.10.06"]
[SourceQuality "1"]

1. c4 f5 2. d4 e6 3. Nc3 Nf6 4. f3 Be7 5. e4 fxe4 6. fxe4 O-O 7. e5 Ne8 8. Qh5 g6 9. Qg4 Ng7 10. Bh6 d6 11. O-O-O dxe5 12. dxe5 Rxf1 13. Rxf1 Nc6 14. Nf3 Nf5 15. Rd1 Bd7 16. Bf4 Bc5 17. Rhe1 Qe7 18. Ne4 Ncd4 19. Nxc5 Qxc5 20. Nxd4 Nxd4 21. Be3 Qxc4+ 22. Kb1 c5 23. Bxd4 Rc8 24. b3 Qb4 25. Rf1 cxd4 26. Rxd4 Qc3 27. Qd1 Be8 28. Rd8 Kg7 29. Rxc8 Qxc8 30. Qd6 Bf7 31. Qe7 Qe8 32. Qxb7 a5 33. Kb2 Kg8 34. Ka3 g5 35. Rxf7 Qxf7 36. Qxf7+ Kxf7 37. Ka4 Kg6 38. Kxa5 Kf5 39. b4 Kxe5 40. b5 Kd6 41. a4 e5 42. Kb4 e4 43. Kc4 Ke5 44. b6 e3 45. Kd3 Kf4 46. Ke2 h5 47. b7 h4 48. b8=Q+ Kg4 49. Kxe3 Kh5 50. h3 Kh6 51. Qg8 Kh5 52. Qg7 1-0

[Event "Gatineau TORO U1500"]
[Site "Gatineau CAN"]
[Date "2013.06.07"]
[Round "1"]
[White "Ju, Lawrence"]
[Black "Liboiron, Alain"]
[Result "1-0"]
[WhiteElo "1128"]
[BlackElo "1420"]
[PlyCount "93"]
[GameId "2160767909347623"]
[EventDate "2013.06.07"]
[EventType "swiss"]
[EventRounds "5"]
[EventCountry "CAN"]
[SourceTitle "EXT 2022"]
[Source "ChessBase"]
[SourceDate "2021.10.06"]
[SourceVersion "1"]
[SourceVersionDate "2021.10.06"]
[SourceQuality "1"]

1. d4 f5 2. c4 Nf6 3. Nc3 e6 4. Bg5 d5 5. cxd5 Be7 6. dxe6 h6 7. Bxf6 Bxf6 8. Qa4+ c6 9. e3 Bxe6 10. Nf3 Nd7 11. Bd3 Nb6 12. Qc2 g6 13. O-O Qc7 14. Nb5 Qe7 15. Nc3 O-O 16. e4 fxe4 17. Bxe4 Rad8 18. Bxg6 Bxd4 19. Nxd4 Rxd4 20. Rfe1 Rdf4 21. f3 Qc5+ 22. Kh1 Bf5 23. Bxf5 R4xf5 24. Qb3+ Kg7 25. Rac1 Qf2 26. Re7+ R5f7 27. Rxf7+ Rxf7 28. Ne4 Qd4 29. Qc3 Rd7 30. Rd1 Qxc3 31. Rxd7+ Nxd7 32. Nxc3 Kf6 33. Kg1 Nc5 34. Ne4+ Nxe4 35. fxe4 Ke5 36. Kf2 Kxe4 37. Kg3 Kf5 38. Kh4 c5 39. Kh5 b5 40. g4+ Kf6 41. Kxh6 c4 42. g5+ Kf7 43. Kh7 b4 44. g6+ Kf6 45. g7 c3 46. bxc3 bxc3 47. g8=Q 1-0

[Event "Gatineau TORO U1500"]
[Site "Gatineau CAN"]
[Date "2013.06.07"]
[Round "1"]
[White "Latreille, Etienne"]
[Black "Kellar, Ben"]
[Result "0-1"]
[WhiteElo "1426"]
[BlackElo "1167"]
[PlyCount "70"]
[GameId "2160767909347624"]
[EventDate "2013.06.07"]
[EventType "swiss"]
[EventRounds "5"]
[EventCountry "CAN"]
[SourceTitle "EXT 2022"]
[Source "ChessBase"]
[SourceDate "2021.10.06"]
[SourceVersion "1"]
[SourceVersionDate "2021.10.06"]
[SourceQuality "1"]

1. e4 e5 2. Nf3 Nc6 3. Bb5 Nge7 4. c3 d5 5. Qc2 Qd6 6. d4 f6 7. Nbd2 a6 8. Ba4 b5 9. Bb3 Na5 10. O-O Nxb3 11. Qxb3 c6 12. Qc2 Ng6 13. Nb3 Be7 14. Re1 O-O 15. h3 f5 16. exd5 e4 17. Nh2 cxd5 18. f3 Qg3 19. Be3 Bd6 20. Nf1 Qh4 21. Bf2 Qg5 22. Nbd2 Nf4 23. Bg3 Nxh3+ 24. Kh2 Bxg3+ 25. Nxg3 Nf4 26. Ndf1 Nd3 27. Red1 Rf6 28. Kg1 Rg6 29. Rd2 Bb7 30. b3 f4 31. Nh1 exf3 32. g3 fxg3 33. Nfxg3 Nf4 34. Kf1 Nh5 35. Nxh5 Qg1# 0-1

[Event "Gatineau TORO U1500"]
[Site "Gatineau CAN"]
[Date "2013.06.07"]
[Round "1"]
[White "Mihailov, Dmitrii"]
[Black "Ethier, Valori"]
[Result "0-1"]
[WhiteElo "934"]
[BlackElo "1380"]
[PlyCount "82"]
[GameId "2160767909347625"]
[EventDate "2013.06.07"]
[EventType "swiss"]
[EventRounds "5"]
[EventCountry "CAN"]
[SourceTitle "EXT 2022"]
[Source "ChessBase"]
[SourceDate "2021.10.06"]
[SourceVersion "1"]
[SourceVersionDate "2021.10.06"]
[SourceQuality "1"]

1. e4 c6 2. Nf3 d5 3. e5 Bf5 4. d4 e6 5. Bd3 Ne7 6. Bd2 Bxd3 7. cxd3 Nd7 8. O-O Ng6 9. Bg5 Be7 10. Qd2 h6 11. Be3 Qb6 12. a3 c5 13. dxc5 Bxc5 14. d4 Be7 15. Nc3 Qd8 16. Rac1 Rc8 17. Ra1 O-O 18. Nb5 Qb6 19. Nc3 Qb3 20. Qc1 Rc6 21. Nd2 Qb6 22. Qe1 Qxb2 23. Na4 Qb5 24. Nc5 Nxc5 25. dxc5 Bxc5 26. Rb1 Qa6 27. Rc1 Qxa3 28. Nb1 Qb4 29. Bd2 Qb6 30. Ba5 Qb5 31. Nc3 Qxa5 32. Ra1 Qd8 33. Rc1 Bb4 34. Qe3 d4 35. Qe4 dxc3 36. Qxb4 Qc7 37. Rfe1 Rd8 38. Re3 c2 39. Ree1 Nxe5 40. Qb3 Nd3 41. Rxc2 Rxc2 0-1

[Event "Gatineau TORO U1500"]
[Site "Gatineau CAN"]
[Date "2013.06.07"]
[Round "1"]
[White "Simard, Paul"]
[Black "Beland, Guy"]
[Result "0-1"]
[WhiteElo "1187"]
[BlackElo "1442"]
[PlyCount "76"]
[GameId "2160767909347627"]
[EventDate "2013.06.07"]
[EventType "swiss"]
[EventRounds "5"]
[EventCountry "CAN"]
[SourceTitle "EXT 2022"]
[Source "ChessBase"]
[SourceDate "2021.10.06"]
[SourceVersion "1"]
[SourceVersionDate "2021.10.06"]
[SourceQuality "1"]

1. e4 e5 2. Nf3 Nc6 3. Bb5 a6 4. Ba4 Nf6 5. Nc3 b5 6. Bb3 Na5 7. Nxe5 Nxb3 8. cxb3 Bb7 9. d3 Bc5 10. O-O O-O 11. h3 Bd4 12. Qe2 Bxe5 13. f4 Bxc3 14. bxc3 Re8 15. Bb2 d5 16. e5 c5 17. d4 Ne4 18. Qg4 Bc8 19. f5 Ra7 20. Bc1 Kh8 21. Be3 c4 22. bxc4 bxc4 23. Rfc1 Qa5 24. Qf3 Rb7 25. a4 Nxc3 26. Bd2 Qd8 27. Bxc3 Rb3 28. Qf2 a5 29. Rab1 Ba6 30. Rxb3 cxb3 31. Bb2 Bc4 32. Rc3 Qd7 33. f6 Rg8 34. Rg3 Qe6 35. Bc1 gxf6 36. Bh6 Rg6 37. Qxf6+ Qxf6 38. exf6 Rxg3 0-1

[Event "Gatineau TORO U1500"]
[Site "Gatineau CAN"]
[Date "2013.06.07"]
[Round "1"]
[White "Soskic, Milan"]
[Black "Ketata, Nabil"]
[Result "1-0"]
[WhiteElo "1417"]
[BlackElo "1112"]
[PlyCount "45"]
[GameId "2160767909347628"]
[EventDate "2013.06.07"]
[EventType "swiss"]
[EventRounds "5"]
[EventCountry "CAN"]
[SourceTitle "EXT 2022"]
[Source "ChessBase"]
[SourceDate "2021.10.06"]
[SourceVersion "1"]
[SourceVersionDate "2021.10.06"]
[SourceQuality "1"]

1. d4 d6 2. c4 a6 3. Nc3 Be6 4. d5 Bg4 5. Nf3 Bxf3 6. exf3 g6 7. Bd3 Bg7 8. Bd2 Bxc3 9. Bxc3 Nf6 10. O-O Nbd7 11. Re1 Nc5 12. Bxf6 Rg8 13. Rxe7+ Kf8 14. Rxf7+ Kxf7 15. Bxd8 Raxd8 16. Bc2 Ke7 17. Qd4 Kd7 18. Qg4+ Ke8 19. Re1+ Kf8 20. Qf4+ Kg7 21. Re7+ Kh8 22. Qf6+ Rg7 23. Qxg7# 1-0

[Event "Gatineau TORO U1500"]
[Site "Gatineau CAN"]
[Date "2013.06.07"]
[Round "1"]
[White "Vlasenko, Ksenia"]
[Black "Johnson-Constantin, Mathieu"]
[Result "0-1"]
[WhiteElo "1218"]
[BlackElo "1470"]
[PlyCount "56"]
[GameId "2160767909347629"]
[EventDate "2013.06.07"]
[EventType "swiss"]
[EventRounds "5"]
[EventCountry "CAN"]
[SourceTitle "EXT 2022"]
[Source "ChessBase"]
[SourceDate "2021.10.06"]
[SourceVersion "1"]
[SourceVersionDate "2021.10.06"]
[SourceQuality "1"]

1. e4 c5 2. Nf3 d6 3. Nc3 Nf6 4. d4 cxd4 5. Nxd4 g6 6. Bc4 Bg7 7. f3 O-O 8. Be3 Nc6 9. Qd2 Ne5 10. Bb3 a5 11. a4 Bd7 12. g4 Rb8 13. Qg2 Qc7 14. h4 Nc4 15. Bxc4 Qxc4 16. h5 Nxe4 17. Nxe4 Bxd4 18. Bxd4 Qxd4 19. Nc3 Qe3+ 20. Ne2 Bc6 21. Ra3 Qe5 22. Qh3 Qg7 23. hxg6 fxg6 24. Nd4 Rf7 25. Nxc6 bxc6 26. O-O Qxb2 27. Raa1 Qd4+ 28. Rf2 Qxa1+ 0-1

[Event "Gatineau TORO U1500"]
[Site "Gatineau CAN"]
[Date "2013.06.08"]
[Round "2"]
[White "Barriga, Diana"]
[Black "Montreuil, Carl"]
[Result "0-1"]
[WhiteElo "1414"]
[BlackElo "1300"]
[PlyCount "42"]
[GameId "2160767909347631"]
[EventDate "2013.06.07"]
[EventType "swiss"]
[EventRounds "5"]
[EventCountry "CAN"]
[SourceTitle "EXT 2022"]
[Source "ChessBase"]
[SourceDate "2021.10.06"]
[SourceVersion "1"]
[SourceVersionDate "2021.10.06"]
[SourceQuality "1"]

1. e4 c5 2. Nf3 e6 3. d4 d5 4. Nc3 a6 5. dxc5 Bxc5 6. exd5 Qc7 7. Ne4 exd5 8. Qxd5 Qa5+ 9. Nc3 Nf6 10. Qe5+ Be6 11. Be3 Nbd7 12. Qg3 O-O 13. Bd3 Bxe3 14. fxe3 Ng4 15. Nd4 Ndf6 16. Nxe6 fxe6 17. O-O Qb4 18. Nd1 Nh5 19. Qh4 Rxf1+ 20. Kxf1 Nxe3+ 21. Nxe3 Qxh4 0-1

[Event "Gatineau TORO U1500"]
[Site "Gatineau CAN"]
[Date "2013.06.08"]
[Round "2"]
[White "Beland, Guy"]
[Black "Labelle, Raymond"]
[Result "1-0"]
[WhiteElo "1442"]
[BlackElo "1278"]
[PlyCount "95"]
[GameId "2160767909347632"]
[EventDate "2013.06.07"]
[EventType "swiss"]
[EventRounds "5"]
[EventCountry "CAN"]
[SourceTitle "EXT 2022"]
[Source "ChessBase"]
[SourceDate "2021.10.06"]
[SourceVersion "1"]
[SourceVersionDate "2021.10.06"]
[SourceQuality "1"]

1. e4 e5 2. Nf3 Nc6 3. Bb5 d6 4. c3 Bd7 5. O-O Be7 6. Re1 Nf6 7. d4 a6 8. Ba4 b5 9. Bc2 O-O 10. Nbd2 Bg4 11. Nf1 d5 12. Ng3 h6 13. exd5 Qxd5 14. Bb3 Qd7 15. d5 Na5 16. Be3 e4 17. h3 exf3 18. hxg4 Nxb3 19. axb3 fxg2 20. f3 Qxd5 21. Kxg2 Qxd1 22. Rexd1 g6 23. Bxh6 Rfe8 24. Bg5 c6 25. Rh1 Nd5 26. Bd2 Rad8 27. Rh6 Nb4 28. Ne4 Nd5 29. Rah1 Nf6 30. g5 Nh5 31. f4 Rxd2+ 32. Nxd2 Nxf4+ 33. Kf3 Nh5 34. Kg4 Bf8 35. R6xh5 gxh5+ 36. Rxh5 Re2 37. Nf3 Rxb2 38. Nd4 c5 39. Nf5 Rxb3 40. Nh6+ Kg7 41. Nf5+ Kg6 42. Rh8 Bg7 43. Rg8 Kh7 44. Rxg7+ Kh8 45. Rxf7 Rxc3 46. g6 Rc4+ 47. Kg5 Re4 48. Rf8# 1-0

[Event "Gatineau TORO U1500"]
[Site "Gatineau CAN"]
[Date "2013.06.08"]
[Round "2"]
[White "Bernatchez, Lucas"]
[Black "Legare, Gilles"]
[Result "1-0"]
[WhiteElo "1450"]
[BlackElo "1150"]
[PlyCount "57"]
[GameId "2160767909347633"]
[EventDate "2013.06.07"]
[EventType "swiss"]
[EventRounds "5"]
[EventCountry "CAN"]
[SourceTitle "EXT 2022"]
[Source "ChessBase"]
[SourceDate "2021.10.06"]
[SourceVersion "1"]
[SourceVersionDate "2021.10.06"]
[SourceQuality "1"]

1. d4 e6 2. c4 b6 3. Nc3 Be7 4. Nf3 Bb7 5. e4 Nf6 6. Bd3 Bb4 7. Bg5 h6 8. Bxf6 Qxf6 9. Qc2 Nc6 10. e5 Qf4 11. d5 Nd4 12. Nxd4 Qxd4 13. O-O Qxe5 14. Rfe1 Qg5 15. Re2 Be7 16. Rae1 O-O-O 17. Re5 Qf6 18. Bf5 g6 19. Bh3 Bd6 20. R5e3 Bc5 21. Ne4 Qh4 22. Nxc5 bxc5 23. Qa4 Kb8 24. Ra3 a6 25. Qb3 Ka7 26. Qa4 f5 27. dxe6 dxe6 28. Rxe6 Qg5 29. Rxa6+ 1-0

[Event "Gatineau TORO U1500"]
[Site "Gatineau CAN"]
[Date "2013.06.08"]
[Round "2"]
[White "Bolduc, Olivier"]
[Black "Ketata, Nabil"]
[Result "1-0"]
[WhiteElo "1313"]
[BlackElo "1112"]
[PlyCount "81"]
[GameId "2160767909347634"]
[EventDate "2013.06.07"]
[EventType "swiss"]
[EventRounds "5"]
[EventCountry "CAN"]
[SourceTitle "EXT 2022"]
[Source "ChessBase"]
[SourceDate "2021.10.06"]
[SourceVersion "1"]
[SourceVersionDate "2021.10.06"]
[SourceQuality "1"]

1. d4 d6 2. e4 d5 3. exd5 Qxd5 4. c4 Qe4+ 5. Ne2 e6 6. Bd2 g6 7. Nbc3 Qf5 8. Ng3 Qf6 9. Be3 Bb4 10. Nge4 Qe7 11. Qf3 Bxc3+ 12. bxc3 e5 13. dxe5 Bf5 14. Bd3 Nd7 15. Qf4 O-O-O 16. Bd4 Bxe4 17. Bxe4 g5 18. Qg3 f6 19. O-O fxe5 20. Rab1 b6 21. Be3 h6 22. Qf3 h5 23. Bb7+ Kb8 24. Ba6 e4 25. Qf5 Ngf6 26. Rfd1 Rhg8 27. c5 Ka8 28. Bc4 Rgf8 29. Be6 Ng4 30. Qd5+ Kb8 31. Bxd7 Nf6 32. Qxg5 Rg8 33. Qf5 Ng4 34. Be6 Qh4 35. h3 Rxd1+ 36. Rxd1 Nxe3 37. fxe3 Rg7 38. Qf8+ Kb7 39. Qxg7 bxc5 40. Rb1+ Kc6 41. Qd7# 1-0

[Event "Gatineau TORO U1500"]
[Site "Gatineau CAN"]
[Date "2013.06.08"]
[Round "2"]
[White "Carriere, Stephen"]
[Black "Amirshadova, Victoria"]
[Result "1-0"]
[WhiteElo "1256"]
[BlackElo "1038"]
[PlyCount "73"]
[GameId "2160767909347636"]
[EventDate "2013.06.07"]
[EventType "swiss"]
[EventRounds "5"]
[EventCountry "CAN"]
[SourceTitle "EXT 2022"]
[Source "ChessBase"]
[SourceDate "2021.10.06"]
[SourceVersion "1"]
[SourceVersionDate "2021.10.06"]
[SourceQuality "1"]

1. e4 d5 2. exd5 Qxd5 3. Nc3 Qa5 4. Nf3 Nf6 5. Bc4 c6 6. h3 b5 7. Bb3 e6 8. O-O b4 9. Ne2 c5 10. Re1 Bd6 11. d4 O-O 12. Bf4 Rd8 13. a3 Bb7 14. axb4 Qb6 15. bxc5 Bxc5 16. dxc5 Rxd1 17. cxb6 Rxe1+ 18. Nxe1 Nc6 19. bxa7 Rxa7 20. Rxa7 Nxa7 21. Nd4 Nd7 22. Nd3 Nc6 23. Nxe6 fxe6 24. Bxe6+ Kf8 25. Bxd7 Ke7 26. Nc5 Ba8 27. c3 Na5 28. b4 Nc4 29. Be6 Nb6 30. Bb3 Bd5 31. Bxd5 Nxd5 32. Be5 Kd8 33. Bxg7 Kc7 34. g3 Kb6 35. f4 Kb5 36. f5 Nxc3 37. Bxc3 1-0

[Event "Gatineau TORO U1500"]
[Site "Gatineau CAN"]
[Date "2013.06.08"]
[Round "2"]
[White "Gunn, Richard"]
[Black "Soskic, Milan"]
[Result "0-1"]
[WhiteElo "1098"]
[BlackElo "1417"]
[PlyCount "88"]
[GameId "2160767909347640"]
[EventDate "2013.06.07"]
[EventType "swiss"]
[EventRounds "5"]
[EventCountry "CAN"]
[SourceTitle "EXT 2022"]
[Source "ChessBase"]
[SourceDate "2021.10.06"]
[SourceVersion "1"]
[SourceVersionDate "2021.10.06"]
[SourceQuality "1"]

1. c4 Nf6 2. Nc3 g6 3. d4 Bg7 4. e4 d6 5. Nf3 Nbd7 6. Be2 O-O 7. O-O e6 8. Bg5 h6 9. Be3 b6 10. h3 Bb7 11. Bd3 e5 12. d5 Nc5 13. Bc2 Ba6 14. b4 Ncd7 15. Bb3 Nh5 16. Ne2 f5 17. exf5 gxf5 18. Rc1 f4 19. Bd2 Qe7 20. Nc3 Ndf6 21. Qc2 Bc8 22. Nh2 Nh7 23. Qg6 Qg5 24. Bc2 Bf5 25. Bxf5 Qxf5 26. Qxf5 Rxf5 27. Nf3 a6 28. Nh4 Rf7 29. Ne4 N7f6 30. f3 Nxe4 31. fxe4 Ng3 32. Rf2 Nxe4 33. Re2 Nxd2 34. Rxd2 Bf6 35. Nf3 e4 36. Nd4 Bg5 37. Re2 f3 38. gxf3 Bxc1 39. Rxe4 Bb2 40. Ne6 Rxf3 41. Rg4+ Kf7 42. Rg2 Be5 43. Nxc7 Rc8 44. Nxa6 Rxc4 0-1

[Event "Gatineau TORO U1500"]
[Site "Gatineau CAN"]
[Date "2013.06.08"]
[Round "2"]
[White "Johnson-Constantin, Mathieu"]
[Black "Carabineanu, Marcel"]
[Result "1-0"]
[WhiteElo "1470"]
[BlackElo "1289"]
[PlyCount "46"]
[GameId "2160767909347641"]
[EventDate "2013.06.07"]
[EventType "swiss"]
[EventRounds "5"]
[EventCountry "CAN"]
[SourceTitle "EXT 2022"]
[Source "ChessBase"]
[SourceDate "2021.10.06"]
[SourceVersion "1"]
[SourceVersionDate "2021.10.06"]
[SourceQuality "1"]

1. e4 e5 2. d4 exd4 3. Nf3 Nc6 4. Bc4 Be7 5. O-O Bf6 6. Re1 d6 7. Bf4 Bg4 8. h3 Bh5 9. g4 Bg6 10. e5 dxe5 11. Bxe5 Bxe5 12. Nxe5 Nxe5 13. Rxe5+ Ne7 14. h4 f6 15. Re2 Qd7 16. f3 O-O-O 17. Be6 Qxe6 18. Rxe6 Nc6 19. h5 Bf7 20. Re1 Ne5 21. f4 Nc4 22. Na3 Ne3 23. Qd3 Nxg4 1-0